| 000 | 00859cam a22002535a 4500 | ||
|---|---|---|---|
| 001 | 17243684 | ||
| 005 | 20161012153741.0 | ||
| 008 | 120405t2013 njua fr 001 0 eng d | ||
| 020 | _a9781118123096 | ||
| 040 |
_aDLC _cDLC _dDLC _dEG-ScBUE _beng |
||
| 082 | 0 | 4 |
_a006.68 _222 _bSCH |
| 100 | 1 |
_aSchreyer, Alexander _q(Alexander C.) _941518 |
|
| 245 | 1 | 0 |
_aArchitectural design with sketchup : _bcomponents-based modeling, plugins, rendering and scripting / _cAlexander Schreyer. |
| 260 |
_aHoboken : _bJohn Wiley & Sons, _cc.2013. |
||
| 300 |
_aix, 310 p. : _bill. ; _c24 cm. |
||
| 500 | _aIndex : p. 297-310. | ||
| 630 | 0 | 0 | _aSketchUp. |
| 650 | 7 |
_aComputer graphics. _2BUEsh _93615 |
|
| 650 | 7 |
_aThree-dimensional display systems. _2BUEsh _937703 |
|
| 650 | 0 |
_aEngineering graphics. _2BUEsh |
|
| 651 | _2BUEsh | ||
| 653 |
_bENGARC _cOctober2016 |
||
| 942 | _2ddc | ||
| 999 |
_c22546 _d22518 |
||